Adecuación del centro de impactos como factor que favorece el rendimiento en competición en tiradores de pistola 50 metros (hombres)

Se define la adecuación del centro de impactos como un factor que favorece el rendimiento en competición en los tiradores deportivos de Pistola 50 metros (Hombres).

Na minha lista:
Detalhes bibliográficos
Autor principal: Vidaurreta Bueno, Rodolfo Ruvenio
Autor Corporativo: e-libro, Corp
Outros Autores: Mesa Anoceto, Magda (Director), García Vázquez, Luis Ángel (Director)
Formato: livro electrónico
Idioma:espanhol
Publicado em: La Habana : Editorial Universitaria, 2012.
Assuntos:
Acesso em linha:https://elibro.unach.elogim.com/es/lc/unach/titulos/90546
Tags: Adicionar Tag
Sem tags, seja o primeiro a adicionar uma tag!

MARC

LEADER 00000nam a2200000 a 4500
001 ELB90546
003 FlNmELB
006 m o d |
007 cr cn|||||||||
008 201201r2012 cu |||||s|||||||||||spa d
024 8 |z Tesis 
035 |a (MiAaPQ)EBC3201367 
035 |a (Au-PeEL)EBL3201367 
035 |a (CaPaEBR)ebr10592325 
035 |a (OCoLC)929370237 
040 |a FlNmELB  |b spa  |c FlNmELB 
050 4 |a GV707  |b V651 2012 
080 |a 796 
082 0 4 |a 796  |2 22 
100 1 |a Vidaurreta Bueno, Rodolfo Ruvenio. 
245 1 0 |a Adecuación del centro de impactos como factor que favorece el rendimiento en competición en tiradores de pistola 50 metros (hombres)  |h [recurso electronico]  |c Rodolfo Ruvenio Vidaurreta Bueno. 
260 |a La Habana :  |b Editorial Universitaria,  |c 2012. 
300 |a 128 p. 
500 |a Tesis (doctorado) - Universidad de Ciencias de la Cultura Física y el Deporte "Manuel Fajardo". 
520 |a Se define la adecuación del centro de impactos como un factor que favorece el rendimiento en competición en los tiradores deportivos de Pistola 50 metros (Hombres). 
533 |a Recurso electrónico. Santa Fe, Arg.: e-libro, 2015. Disponible vía World Wide Web. El acceso puede estar limitado para las bibliotecas afiliadas a e-libro. 
650 4 |a Deportes y Recreación.  |x General. 
650 4 |a Sports and Recreation.  |x General. 
655 4 |a Libros electrónicos. 
700 1 |a Mesa Anoceto, Magda.  |4 drt 
700 1 |a García Vázquez, Luis Ángel.  |4 drt 
710 2 |a e-libro, Corp. 
856 4 0 |u https://elibro.unach.elogim.com/es/lc/unach/titulos/90546